000 00849nam a22002177a 4500
005 2012050406466.0
010 _a
020 _a8185309302
_c50.00
035 _aB-39722
037 _b PUB
082 _a414
100 _aशर्मा, हरीश
_946371
245 _aध्वनिविज्ञान /
_cहरीश शर्मा
260 _aगाजियाबाद
_bअमित प्रकाशन
_c2001
270 _a
_b
_e
_k
300 _a144पृ
_c22सेमी (सजिल्द)
650 _aहिन्दी भाषा
_xव्याकरण
_946372
700 _aकौशिक, ओमप्रकाश
_945986
942 _2ddc
_cHN
_mशर्माह
_h414
999 _c66135
_d66135